000 01610cam a22004574i 4500
003 PE-LiUPU
005 20250731173525.0
008 150616s1991 r 000 0 d
020 _a0805432442
035 _a(Sirsi) i9780805432442
040 _aPE-LiUPU
_bspa
_cPE-LiUPU
_erda
049 _aPRUA
082 0 4 _a259.23
_bB57
_221
100 1 _aBlack, Wesley,
_eautor.
245 1 3 _aAn Introduction to Youth Ministry /
_cWesley Black.
264 1 _aTennessee :
_bBroadman Press,
_c1991.
300 _a242 páginas ;
_c24 centímetros
336 _atext
_2rdacontent
337 _aunmediated
_2rdamedia
338 _avolume
_2rdacarrier
505 0 _aFoundations of youth ministry -- Youth ministry with adult leaders -- Youth ministry with youth -- Ministry with parents of youth -- The church staff youth minister -- Programming for youth ministry.
526 _aSEG42
526 _aSEG41
526 _aSEG40
526 _aSEG39
526 _aP94
526 _aP87
526 _aP86
526 _aP85
526 _aP77
526 _aP76
526 _aP35
650 1 4 _aTrabajo de la iglesia con jóvenes.
910 _ajck
_bjvq
_cjck
942 _2ddc
_cBOOK
949 _a259.23 B57
_wDEWEY
_c1
_i42198
_lCCODEBUL1
_mBUL
_r0
_sY
_tBOOK
_u2015-6-16
_xTEOLOGIA
_zUNKNOWN
_0COMPRA
_o.STAFF. Colección Teología
994 _aC0
_bPEPRU
596 _a1
999 _a259.23 B57
_wDEWEY
_c59890
_i42198
_f2021-11-10
_g6
_lCCODEBUL1
_mBUL
_p30.00
_r0
_sY
_tBOOK
_u2015-6-16
_xTEOLOGIA
_PP35
_0COMPRA
_o.STAFF. Colección Teología
_d59890
980 _81
_gALBERTO SANCHEZ Responsable de Automatización